|
|
|
|
| LEADER |
00000naa2a2200000 4500 |
| 001 |
605161 |
| 005 |
20260225103849.0 |
| 035 |
|
|
|a (RuTPU)RU\TPU\conf\2446
|
| 035 |
|
|
|a RU\TPU\conf\2445
|
| 090 |
|
|
|a 605161
|
| 100 |
|
|
|a 20140403d2013 k y0rusy50 ca
|
| 101 |
0 |
|
|a rus
|
| 102 |
|
|
|a RU
|
| 135 |
|
|
|a arnn ---uucaa
|
| 181 |
|
0 |
|a i
|
| 182 |
|
0 |
|a b
|
| 200 |
1 |
|
|a Предпосылки разработки формы корпуса геохода
|f А. Н. Капустин
|g науч. рук. В. Ю. Бегляков
|
| 203 |
|
|
|a Текст
|c электронный
|
| 225 |
1 |
|
|a Горное дело. Разработка рудных и нерудных полезных ископаемых
|
| 300 |
|
|
|a Заглавие с экрана
|
| 320 |
|
|
|a [Библиогр.: с. 321 (5 назв.)]
|
| 337 |
|
|
|a Adobe Reader
|
| 461 |
|
1 |
|0 (RuTPU)RU\TPU\conf\37
|t Проблемы геологии и освоения недр
|o труды XVII Международного симпозиума имени академика М. А. Усова студентов и молодых ученых, Томск, 1-5 апреля 2013 г.
|o в 2 т.
|f Национальный исследовательский Томский политехнический университет (ТПУ), Институт природных ресурсов (ИПР) ; Общество инженеров-нефтяников, Студенческий чаптер ; под ред. А. Ю. Дмитриева
|d 2013
|
| 463 |
|
1 |
|0 (RuTPU)RU\TPU\conf\39
|t Т. 2
|v [С. 320-321]
|d 2013
|
| 610 |
1 |
|
|a труды учёных ТПУ
|
| 610 |
1 |
|
|a электронный ресурс
|
| 610 |
1 |
|
|a разработки
|
| 610 |
1 |
|
|a геоходы
|
| 610 |
1 |
|
|a горная техника
|
| 610 |
1 |
|
|a проходческие работы
|
| 610 |
1 |
|
|a полезные ископаемые
|
| 700 |
|
1 |
|a Капустин
|b А. Н.
|c специалист в области машиностроения
|c старший преподаватель Юргинского технологического института (филиала) Томского политехнического университета
|f 1981-
|g Алексей Николаевич
|3 (RuTPU)RU\TPU\pers\24293
|9 10758
|
| 702 |
|
1 |
|a Бегляков
|b В. Ю.
|c российский учёный в области горно-шахтного оборудования
|c старший преподаватель Юргинского технологического института (филиал) Томского политехнического университета
|g Вячеслав Юрьевич
|4 727
|
| 712 |
0 |
2 |
|a Национальный исследовательский Томский политехнический университет (ТПУ)
|b Юргинский технологический институт (филиал) (ЮТИ)
|b Кафедра горно-шахтного оборудования (ГШО)
|3 (RuTPU)RU\TPU\col\18984
|
| 801 |
|
2 |
|a RU
|b 63413507
|c 20230315
|g RCR
|
| 856 |
4 |
|
|u http://www.lib.tpu.ru/fulltext/c/2013/C11/V2/148.pdf
|
| 942 |
|
|
|c CF
|